Viaje cruzando fronteras - Estadísticas

Estadísticas generales
  • Esta prueba ha sido intentada 175 veces
  • La puntuación promedio es 29 de 40
Estadísticas de respuestas
Respuesta % Correcto
España
100%
Francia
100%
Andorra
97%
Suiza
97%
Italia
96%
Austria
94%
Croacia
92%
Eslovenia
92%
Grecia
92%
Serbia
90%
Hungria
88%
Rumania
88%
Turquia
88%
Eslovaquia
87%
Bulgaria
85%
Liechtenstein
85%
Albania
83%
Montenegro
83%
Ucrania
81%
Moldavia
79%
Israel
77%
San Marino
76%
Siria
76%
Egipto
74%
Libano
69%
Libia
67%
Chad
66%
República del Congo
60%
República Centroafricana
57%
Sudan del sur
51%
Tanzania
50%
Uganda
50%
Camerún
49%
Ruanda
49%
Gabón
47%
Mozambique
45%
Guinea Ecuatorial
42%
Zambia
41%
Zimbabue
41%
Malaui
39%
No se encontraron pruebas coincidentes
Distribución de puntuación
Porcentaje de gente con cada puntuación
Porcentaje por número respondido
Historial de tus puntuaciones
No has intentado esta prueba.